| 000 | 00755cam a2200193 a 4500 | ||
|---|---|---|---|
| 001 | 000013026 | ||
| 005 | 20200929163127.0 | ||
| 008 | 920127m19961997cl a s i000 0 spa d | ||
| 020 | _a9213214480 | ||
| 040 |
_aDO-SdBNP _bspa _cBNPHU |
||
| 082 |
_a362.5098 _bP195 |
||
| 245 | 0 | 0 | _aPanorama social de América Latina. |
| 260 |
_aSantiago, Chile : _bNaciones Unidas ; _bComisión Economica para America Latina y el Caribe., _c1996. |
||
| 300 |
_a218 p. : _bil. ; _c27 cm. |
||
| 504 | _aIncluye bibliografía: p. [219-226]. | ||
| 650 | 4 |
_aTrabajo social _zAmérica Latina _y1982- _930076 |
|
| 651 | 4 |
_aAmérica Latina _xCondiciones Sociales _y1982- _vESTADÍSTICAS _930077 |
|
| 710 | 2 |
_aUnited Nations. _bEconomic Commission for Latin America and the Caribbean. _94091 |
|
| 999 |
_c12672 _d12672 |
||